| 000 | 00661nam a2200229Ia 4500 | ||
|---|---|---|---|
| 003 | OSt | ||
| 005 | 20250218150548.0 | ||
| 008 | 210210b2000 xxu||||| |||| 00| 0 eng d | ||
| 040 | _cAL | ||
| 041 | _aKannada | ||
| 082 | _aK894.85 HEGS | ||
| 100 |
_aHEGDE (B M). _dಹೆಗಡೆ (ಬಿ ಎಂ) _9200858 |
||
| 245 |
_aSarvajanika bhashana kale. _bಸಾರ್ವಜನಿಕ ಭಾಷಣ ಕಲೆ |
||
| 260 |
_aUdupi _bNava Prakashana _c2000 |
||
| 300 | _a50 | ||
| 650 |
_abhashana kale _9200859 |
||
| 650 |
_apublic speaking _9200861 |
||
| 650 |
_aspeech _9200862 |
||
| 690 |
_aKannada Miscellaneous _9200860 |
||
| 906 | _a057403 | ||
| 942 |
_2ddc _cBK |
||
| 999 |
_c104740 _d104740 |
||